The Oxford dictionary of synonyms and antonyms. (Record no. 64271)

000 -LEADER
fixed length control field 01513cam a2200397 a 4500
001 - CONTROL NUMBER
control field 14750406
003 - CONTROL NUMBER IDENTIFIER
control field NUST - PNEC
005 - DATE AND TIME OF LATEST TRANSACTION
control field 20170116180837.0
008 - FIXED-LENGTH DATA ELEMENTS--GENERAL INFORMATION
fixed length control field 070227s2007 enk d 000 0 eng
010 ## - LIBRARY OF CONGRESS CONTROL NUMBER
LC control number 2007008469
015 ## - NATIONAL BIBLIOGRAPHY NUMBER
National bibliography number GBA6A3789
Source bnb
016 7# - NATIONAL BIBLIOGRAPHIC AGENCY CONTROL NUMBER
Record control number 013623970
Source Uk
020 ## - INTERNATIONAL STANDARD BOOK NUMBER
International Standard Book Number 0199210659
020 ## - INTERNATIONAL STANDARD BOOK NUMBER
International Standard Book Number 9780199210657
035 ## - SYSTEM CONTROL NUMBER
System control number (OCoLC)ocm77012122
035 ## - SYSTEM CONTROL NUMBER
System control number (OCoLC)77012122
040 ## - CATALOGING SOURCE
Original cataloging agency DLC
Transcribing agency LIBRARY
050 00 - LIBRARY OF CONGRESS CALL NUMBER
Classification number PE1591
Item number .S765 2007
082 00 - DEWEY DECIMAL CLASSIFICATION NUMBER
Classification number 423.12 OXF
100 ## - MAIN ENTRY--PERSONAL NAME
9 (RLIN) 5094
Personal name Oxford
245 04 - TITLE STATEMENT
Title The Oxford dictionary of synonyms and antonyms.
246 30 - VARYING FORM OF TITLE
Title proper/short title Dictionary of synonyms and antonyms
250 ## - EDITION STATEMENT
Edition statement 2nd ed.
260 ## - PUBLICATION, DISTRIBUTION, ETC.
Place of publication, distribution, etc. Oxford ;
-- New York :
Name of publisher, distributor, etc. Oxford University Press,
Date of publication, distribution, etc. 2007.
300 ## - PHYSICAL DESCRIPTION
Extent x, 514 p. ;
Dimensions 20 cm.
490 0# - SERIES STATEMENT
Series statement Oxford paperback reference
500 ## - GENERAL NOTE
General note Previous ed: Oxford quick reference thesaurus / compiled by Alan Spooner, 1st ed. 1999.
650 #0 - SUBJECT ADDED ENTRY--TOPICAL TERM
Topical term or geographic name entry element English language
General subdivision Synonyms and antonyms
-- General
Form subdivision Dictionaries.
700 12 - ADDED ENTRY--PERSONAL NAME
Personal name Spooner, Alan.
Title of a work Oxford quick reference thesaurus.
710 2# - ADDED ENTRY--CORPORATE NAME
Corporate name or jurisdiction name as entry element Oxford University Press.
856 41 - ELECTRONIC LOCATION AND ACCESS
Materials specified Table of contents only
Uniform Resource Identifier <a href="http://www.loc.gov/catdir/toc/ecip0712/2007008469.html">http://www.loc.gov/catdir/toc/ecip0712/2007008469.html</a>
856 42 - ELECTRONIC LOCATION AND ACCESS
Materials specified Publisher description
Uniform Resource Identifier <a href="http://www.loc.gov/catdir/enhancements/fy0737/2007008469-d.html">http://www.loc.gov/catdir/enhancements/fy0737/2007008469-d.html</a>
906 ## - LOCAL DATA ELEMENT F, LDF (RLIN)
a 7
b cbc
c orignew
d 1
e ecip
f 20
g y-gencatlg
942 ## - ADDED ENTRY ELEMENTS (KOHA)
Source of classification or shelving scheme
Koha item type Book
Holdings
Withdrawn status Lost status Source of classification or shelving scheme Damaged status Not for loan Permanent Location Current Location Shelving location Date acquired Total Checkouts Full call number Barcode Date last seen Price effective from Koha item type
          Pakistan Navy Engineering College (PNEC) Pakistan Navy Engineering College (PNEC) Reference     423.12 OXF PNECLIB-031191 08/11/2015   Book
© 2023 Central Library, National University of Sciences and Technology. All Rights Reserved.